Dům na předměstí : román /

Hlavní autor: Poláček, Karel, 1892-1945
Další autoři: Trochová, Zina, 1924-2016
Jazyk: Čeština
Vydáno: Praha : Nakladatelství Franze Kafky, 1994
Vydání: 7. vyd., 1. v Nakl. F. Kafky
Edice: Poláček, Karel, 1892-1944. Spisy (Nakladatelství Franze Kafky)
Témata:
Fyzický popis: 245 s.
Knihy
Uloženo v:
LEADER 01234nam a2200325 a 4500
001 000002703
003 CZ BrMZK
005 20240923060934.0
007 ta
008 010907s1994 xr g f cze d
020 |a 80-85844-01-X  |c 75.00 
040 |a BOA001  |b cze 
072 7 |a 821.162.3-3  |x Česká próza  |2 Konspekt  |9 25 
080 |a 821.162.3-31  |2 MRF 
080 |a (0:82-313.1)  |2 MRF 
100 1 |a Poláček, Karel,  |d 1892-1945  |7 jk01100136  |4 aut 
245 1 0 |a Dům na předměstí :  |b román /  |c Karel Poláček ; k vydání připravila a ediční poznámku zpracovala Zina Trochová 
250 |a 7. vyd., 1. v Nakl. F. Kafky 
260 |a Praha :  |b Nakladatelství Franze Kafky,  |c 1994 
300 |a 245 s. 
490 1 |a Spisy Karla Poláčka ;  |v sv. 2 
655 7 |a české romány  |7 fd133974  |2 czenas 
655 7 |a satirické romány  |7 fd133330  |2 czenas 
655 9 |a Czech fiction  |2 eczenas 
655 9 |a satirical novels  |2 eczenas 
700 1 |a Trochová, Zina,  |d 1924-2016  |7 jk01140176  |4 edt 
800 1 |a Poláček, Karel,  |d 1892-1944.  |t Spisy (Nakladatelství Franze Kafky)  |0 s 
910 |a BOA001  |b 1-0998.456 
990 |a BK 
996 6 |b 2610008064  |c 1-0998.456  |l MZK  |r Sklad / do 1 hodiny  |n 32  |p p.v.  |w 000002703  |u 000010  |a 1  |e BOA001  |j MZK50  |s P